000 00956nam a2200289 a 4500
001 4245357
003 OSt
005 20211221134713.0
008 830413t19821981enka b 001 0 eng
010 _a 83115513
020 _a058244408X (pbk.) :
_c£12.95
040 _aDLC
_cHU
_dDLC
050 0 0 _aQK725
_b.H22 1982
082 0 0 _a581.87/2
_219
100 1 _aHall, J. L.
_q(John Lloyd)
_923895
245 1 0 _aPlant cell structure and metabolism /
_cJ.L. Hall, T.J. Flowers, R.M. Roberts.
250 _a2nd ed.
260 _aLondon ;
_aNew York :
_bLongman,
_c1982, c1981.
300 _axii, 543 p. :
_bill. ;
_c25 cm.
504 _aIncludes bibliographies and index.
650 0 _aPlant cells and tissues.
_93988
650 0 _aPlants
_xMetabolism.
_922616
700 1 _aFlowers, T. J.
_q(Timothy J.)
_923896
700 1 _aRoberts, R. M.
_q(Robert Michael),
_d1940-
_923897
906 _a7
_bcbc
_corignew
_d2
_encip
_f19
_gy-gencatlg
942 _2ddc
_cBOOKS
_n0
999 _c23169
_d23169